| 000 | 00514nam a2200193Ia 4500 | ||
|---|---|---|---|
| 008 | 151121s9999||||xx |||||||||||||| ||und|| | ||
| 082 | _a813-/देसाई | ||
| 082 | _bHNW-69489 | ||
| 100 | _aदेसाई अरुणा | ||
| 245 | _aकथाई | ||
| 260 | _bप्रपंच पुणे | ||
| 260 | _c-- | ||
| 300 | _a100 | ||
| 600 | _aदेसाई अरुणा | ||
| 630 | _aकथाई | ||
| 700 | _aदेसाई अरुणा | ||
| 730 | _aकथाई | ||
| 942 | _cBOOK | ||
| 999 |
_c1250976 _d1250973 |
||